| 000 | 00717cam a22002291 4500 | ||
|---|---|---|---|
| 001 | ca 18000781 | ||
| 003 | DLC | ||
| 005 | 20260227111107.0 | ||
| 008 | 870928s1902 hu c 000 0 hun | ||
| 010 | _aca 18000781 | ||
| 035 | _a(OCoLC)16768618 | ||
| 040 |
_aDLC _cWaU _dOCoLC _dDLC |
||
| 042 | _apremarc | ||
| 050 | 0 | 0 |
_aPH3132 _b.M3 vol. 53 |
| 100 | 1 |
_aReviczky, Gyula, _d1855-1889. |
|
| 245 | 0 | 0 |
_aÖsszes költeményei. _bSajtó alá rendezte és bevezetéssel ellátta Koroda Pál. |
| 260 |
_aBudapest, _bFranklin-Társulat, _c1902. |
||
| 300 |
_a416 p. _bfront. (port.) _c20 cm. |
||
| 440 | 0 |
_aMagyar remekírók ... _v53. köt. |
|
| 500 | _aCollected poetical works. | ||
| 600 | 1 | 0 |
_aKoroda, Pál, _d1858- _eed. |
| 999 |
_c15392 _d15392 |
||